| 000 | 00453pab a2200157 454500 | ||
|---|---|---|---|
| 008 | 180718b1984 xxu||||| |||| 00| 0 eng d | ||
| 100 | _aHasan, M.Z. | ||
| 245 | _aTrace mentals in water at various stages of treatment in a water treatment plant | ||
| 260 | _c1984 | ||
| 300 | _a1-6 | ||
| 362 | _aJan. | ||
| 650 | _aWater Purification - India - Maharashtra | ||
| 700 | _aS.P. Pande | ||
| 773 | _aIndian Journal of Environment Health | ||
| 909 | _a20588 | ||
| 999 |
_c20588 _d20588 |
||